| 000 | 01056cam a2200313 a 4500 | ||
|---|---|---|---|
| 001 | 13409792 | ||
| 003 | OSt | ||
| 005 | 20230531164025.0 | ||
| 008 | 030923s2002 ke b b 011 0 eng | ||
| 010 | _a 2003405764 | ||
| 020 | _a9966251529 | ||
| 040 |
_aDLC _cDLC _dDLC |
||
| 042 | _alcode | ||
| 043 | _af-ke--- | ||
| 082 | 0 | 0 |
_a967.62 _222 |
| 100 | _4William R. Ochieng | ||
| 245 | 0 | 0 |
_aHistorical studies and social change in western Kenya : _bessays in memory of Professor Gideon S. Were / _cedited by William R. Ochieng. |
| 260 |
_aNairobi : _bEast African Educational Publishers, _c2002. |
||
| 300 |
_axxii, 406 p. : _bmaps ; _c21 cm. |
||
| 504 | _aIncludes bibliographical references (p. 379-398) and index. | ||
| 600 | 1 | 0 |
_aWere, Gideon S., _d1934- |
| 650 | 0 |
_aSocial change _zKenya. |
|
| 651 | 0 |
_aKenya _xHistory. |
|
| 651 | 0 |
_aKenya _xSocial conditions. |
|
| 700 | 1 |
_aOchieng', William Robert, _d1943- |
|
| 906 |
_a7 _bcbc _corigode _d3 _encip _f20 _gy-gencatlg |
||
| 942 |
_2ddc _cBK |
||
| 999 |
_c19 _d19 |
||